000 00429cam a22001934a 4500
005 20250605164157.0
008 250528s ||||||||||||||||||||||||d
035 _a19643
020 _a063118466X
040 _aGR-AtMCL
_bgre
_dGR-AtMCL
_eAACR2
245 1 _aINFANCY
250 _a2
260 _bBlackwell,
_c1994
300 _a322
700 1 _aBremner Gavin
_95847
942 _cBK
999 _c4899
_d4899